[Event "FICGS rapid E 000050 email"]
[Site "FICGS email"]
[Date "2011.03.11"]
[Round "1"]
[White "Holdt, Jonas"]
[Black "Neil, Charles"]
[Result "1-0"]
[WhiteElo "862"]
[BlackElo "1005"]
[PlyCount "39"]
[EventDate "2011.??.??"]
[EventType "tourn (rapid)"]
[EventRounds "5"]
[SourceTitle "Corr 2013"]
[Source "ChessBase"]
[SourceDate "2012.11.12"]
[SourceVersion "1"]
[SourceVersionDate "2012.11.12"]
[SourceQuality "1"]

1. d4 Nf6 2. c4 e6 3. Nc3 Bb4 4. a3 Bxc3+ 5. bxc3 b6 6. f3 Ba6 7. e4 0-0 8. Bg5 h6 9. Bh4 Nc6 10. Bd3 Na5 11. Qa4 d6 12. Ne2 g5 13. Bf2 c5 14. 0-0 Bb7 15. Bg3 Rc8 16. Rab1 Ba6 17. f4 gxf4 18. Bxf4 Kg7 19. e5 dxe5 20. Bxe5 1-0

[Event "FICGS rapid E 000050 email"]
[Site "FICGS email"]
[Date "2011.03.11"]
[Round "1"]
[White "Holdt, Jonas"]
[Black "Zaunerciks, Ilmars"]
[Result "0-1"]
[WhiteElo "862"]
[BlackElo "1185"]
[PlyCount "38"]
[EventDate "2011.??.??"]
[EventType "tourn (rapid)"]
[EventRounds "5"]
[SourceTitle "Corr 2013"]
[Source "ChessBase"]
[SourceDate "2012.11.12"]
[SourceVersion "1"]
[SourceVersionDate "2012.11.12"]
[SourceQuality "1"]

1. b3 d5 2. Bb2 Nf6 3. e3 Nc6 4. f4 e6 5. Nf3 Be7 6. Bb5 0-0 7. 0-0 a6 8. Be2 b5 9. Nd4 Nxd4 10. Bxd4 c5 11. Bb2 d4 12. c4 b4 13. a3 d3 14. Bf3 Ra7 15. axb4 cxb4 16. h3 Bb7 17. Bxb7 Rxb7 18. Rxa6 Ne4 19. Qf3 Nc5 0-1

[Event "FICGS class F 000094 email"]
[Site "FICGS email"]
[Date "2011.03.10"]
[Round "1"]
[White "Zaunerciks, Ilmars"]
[Black "Holdt, Jonas"]
[Result "1-0"]
[WhiteElo "1185"]
[BlackElo "862"]
[PlyCount "43"]
[EventDate "2011.??.??"]
[EventType "tourn (corr)"]
[EventRounds "6"]
[SourceTitle "Corr 2013"]
[Source "ChessBase"]
[SourceDate "2012.11.12"]
[SourceVersion "1"]
[SourceVersionDate "2012.11.12"]
[SourceQuality "1"]

1. e4 d5 2. exd5 Qxd5 3. Nc3 Qa5 4. Nf3 c6 5. Be2 Nf6 6. 0-0 Bg4 7. d4 e6 8. h3 Bh5 9. Bd2 Qc7 10. Ne5 Bxe2 11. Qxe2 Nbd7 12. Rfe1 Nxe5 13. dxe5 Nd5 14. Nxd5 cxd5 15. Qb5+ Qc6 16. Qxc6+ bxc6 17. Rac1 Rb8 18. Bc3 Bc5 19. Rcd1 0-0 20. b3 Bb4 21. Bxb4 Rxb4 22. a3 1-0

[Event "FICGS class F 000094 email"]
[Site "FICGS email"]
[Date "2011.03.10"]
[Round "1"]
[White "Zeckarias, Simon"]
[Black "Holdt, Jonas"]
[Result "0-1"]
[WhiteElo "1132"]
[BlackElo "862"]
[PlyCount "46"]
[EventDate "2011.??.??"]
[EventType "tourn (corr)"]
[EventRounds "6"]
[SourceTitle "Corr 2013"]
[Source "ChessBase"]
[SourceDate "2012.11.12"]
[SourceVersion "1"]
[SourceVersionDate "2012.11.12"]
[SourceQuality "1"]

1. e4 d5 2. exd5 Qxd5 3. Nc3 Qa5 4. Nf3 c6 5. d4 Nf6 6. Ne5 Bf5 7. Bd3 Bxd3 8. Qxd3 e6 9. 0-0 Nbd7 10. Nxd7 Nxd7 11. Bd2 Qc7 12. a4 Bd6 13. b4 Bxh2+ 14. Kh1 Bd6 15. b5 0-0 16. Ne4 Bf4 17. Bxf4 Qxf4 18. bxc6 bxc6 19. Ra3 Nf6 20. Nxf6+ Qxf6 21. Rc3 Rac8 22. Rd1 c5 23. dxc5 Rfd8 0-1

[Event "FICGS rapid E 000042 email"]
[Site "FICGS email"]
[Date "2010.12.30"]
[Round "1"]
[White "Melquiades, Jaime I"]
[Black "Holdt, Jonas"]
[Result "0-1"]
[WhiteElo "980"]
[BlackElo "809"]
[PlyCount "62"]
[EventDate "2010.??.??"]
[EventType "tourn (rapid)"]
[EventRounds "6"]
[SourceTitle "Corr 2013"]
[Source "ChessBase"]
[SourceDate "2012.11.12"]
[SourceVersion "1"]
[SourceVersionDate "2012.11.12"]
[SourceQuality "1"]

1. e4 d5 2. h3 Nc6 3. d4 e6 4. Ne2 Bb4+ 5. Bd2 Bxd2+ 6. Nxd2 dxe4 7. Nxe4 Nf6 8. Ng5 b6 9. Nf4 Nd5 10. Nxd5 Qxd5 11. f4 Nxd4 12. c4 Qc5 13. a3 Nf5 14. b4 Qc6 15. c5 0-0 16. Qh5 h6 17. 0-0-0 Ng3 18. Qg4 Nxh1 19. Nh7 Nf2 20. Nf6+ Kh8 21. Qe2 Nxd1 22. Qxd1 gxf6 23. Qh5 Kh7 24. Bd3+ f5 25. g4 Qh1+ 26. Kd2 Qg2+ 27. Ke3 Qg3+ 28. Ke2 Qxf4 29. Qh4 Bb7 30. gxf5 Qxh4 31. fxe6+ Kg7 0-1

[Event "FICGS class G 000036 email"]
[Site "FICGS email"]
[Date "2010.03.26"]
[Round "1"]
[White "Holdt, Jonas"]
[Black "Melquiades, Jaime I"]
[Result "0-1"]
[WhiteElo "918"]
[BlackElo "874"]
[PlyCount "36"]
[EventDate "2010.??.??"]
[EventType "tourn (corr)"]
[EventRounds "5"]
[SourceTitle "Corr 2013"]
[Source "ChessBase"]
[SourceDate "2012.11.12"]
[SourceVersion "1"]
[SourceVersionDate "2012.11.12"]
[SourceQuality "1"]

1. b3 e5 2. Bb2 d6 3. e3 a6 4. Ne2 Nf6 5. f4 exf4 6. Nxf4 Ne4 7. Bd3 Qh4+ 8. g3 Nxg3 9. Ng2 Qh3 10. hxg3 Qxh1+ 11. Ke2 Qh5+ 12. Ke1 Bg4 13. Be2 Qh1+ 14. Kf2 Qxd1 15. Bxd1 Bxd1 16. Nc3 Bxc2 17. Nf4 c6 18. Na4 Nd7 0-1

[Event "FICGS class G 000036 email"]
[Site "FICGS email"]
[Date "2010.03.26"]
[Round "1"]
[White "Marcel, Alexis"]
[Black "Holdt, Jonas"]
[Result "1-0"]
[WhiteElo "783"]
[BlackElo "918"]
[PlyCount "55"]
[EventDate "2010.??.??"]
[EventType "tourn (corr)"]
[EventRounds "5"]
[SourceTitle "Corr 2013"]
[Source "ChessBase"]
[SourceDate "2012.11.12"]
[SourceVersion "1"]
[SourceVersionDate "2012.11.12"]
[SourceQuality "1"]

1. f4 d5 2. Nf3 Bg4 3. e3 Nd7 4. b3 e5 5. fxe5 Nxe5 6. Be2 Nxf3+ 7. Bxf3 Be6 8. Bb2 Nf6 9. 0-0 Bc5 10. Nc3 Qe7 11. Qe2 0-0-0 12. Na4 Ba3 13. Qd1 h5 14. Bxf6 Qxf6 15. Bxd5 Qe5 16. Bxe6+ Qxe6 17. Qe2 g5 18. c4 Bb4 19. Nc3 g4 20. Rf4 f5 21. Raf1 Bd6 22. Rxf5 g3 23. h3 h4 24. Qg4 b6 25. Nd5 Qd7 26. d3 Bc5 27. d4 Bd6 28. e4 1-0

[Event "FICGS class G 000022 email"]
[Site "FICGS email"]
[Date "2008.07.02"]
[Round "1"]
[White "Holdt, Jonas"]
[Black "Guralivu, Paul Iosif"]
[Result "0-1"]
[WhiteElo "896"]
[BlackElo "1201"]
[PlyCount "42"]
[EventDate "2008.??.??"]
[EventType "tourn (corr)"]
[EventRounds "4"]
[SourceTitle "Corr 2022"]
[Source "ChessBase"]
[SourceDate "2021.10.24"]
[SourceVersion "1"]
[SourceVersionDate "2021.10.24"]
[SourceQuality "1"]

1. e4 c5 2. f4 Nc6 3. Nf3 e6 4. Bb5 Nge7 5. d3 d5 6. Be3 Bd7 7. Bxc5 a6 8. Ba4 b6 9. Be3 dxe4 10. dxe4 Ng6 11. Nc3 Be7 12. Qd2 0-0 13. 0-0-0 Ra7 14. Qf2 Rc7 15. Bxb6 Nxf4 16. Bxc6 Qb8 17. Bxc7 Qxc7 18. Rxd7 Qxc6 19. Rxe7 Rb8 20. Ne5 Qd6 21. Rxf7 Qxe5 0-1

[Event "FICGS class E 000031 email"]
[Site "FICGS email"]
[Date "2007.01.28"]
[Round "1"]
[White "Aldag, Benjamin"]
[Black "Holdt, Jonas"]
[Result "0-1"]
[WhiteElo "1443"]
[BlackElo "1240"]
[PlyCount "20"]
[EventDate "2007.??.??"]
[EventType "tourn (corr)"]
[EventRounds "5"]
[SourceTitle "Corr 2022"]
[Source "ChessBase"]
[SourceDate "2021.10.24"]
[SourceVersion "1"]
[SourceVersionDate "2021.10.24"]
[SourceQuality "1"]

1. e4 d5 2. exd5 Qxd5 3. Nc3 Qa5 4. Bc4 c6 5. d3 Nf6 6. Bd2 Qe5+ 7. Qe2 Qxe2+ 8. Ngxe2 Bf5 9. a4 e6 10. h3 Bc5 0-1

[Event "FICGS class E 000030 email"]
[Site "FICGS email"]
[Date "2007.01.19"]
[Round "1"]
[White "Sert, Ferdi"]
[Black "Holdt, Jonas"]
[Result "1-0"]
[WhiteElo "1397"]
[BlackElo "1240"]
[PlyCount "35"]
[EventDate "2007.??.??"]
[EventType "tourn (corr)"]
[EventRounds "5"]
[SourceTitle "Corr 2022"]
[Source "ChessBase"]
[SourceDate "2021.10.24"]
[SourceVersion "1"]
[SourceVersionDate "2021.10.24"]
[SourceQuality "1"]

1. d4 d5 2. Nf3 Nf6 3. c4 c6 4. Nc3 Bf5 5. e3 e6 6. Bd3 Bxd3 7. Qxd3 Bd6 8. e4 dxe4 9. Nxe4 Nxe4 10. Qxe4 Bb4+ 11. Bd2 Bxd2+ 12. Nxd2 0-0 13. 0-0 Nd7 14. f4 Nf6 15. Qe3 Qb6 16. b3 Rad8 17. Nf3 Ng4 18. Qe4 1-0